Mary Warburg : Porträt einer Künstlerin : Leben, Werk

Die bislang wenig bekannte Künstlerin Mary Warburg, geb. Hertz (1866-1934), Ehefrau des Hamburger Kunst- und Kulturhistorikers Aby Warburg, steht im Mittelpunkt dieser ersten umfassenden wissenschaftlichen Monografie. In zahlreichen Aufsätzen, einem kommentierten Werkverzeichnis sowie biographisch...

Full description

Saved in:
Bibliographic Details
Main Authors: Hedinger, Bärbel (Editor, HerausgeberIn, VerfasserIn)
Diers, Michael (Editor, HerausgeberIn, VerfasserIn)
Braden, Jutta (VerfasserIn)
Haug, Steffen (VerfasserIn)
Corporate Author: Hirmer Verlag (Verlag)
Other Authors: Warburg, Mary (Illustrator, IllustratorIn)
Völker, Andrea (Contributor, MitwirkendeR)
Warnke, Martin (Contributor, MitwirkendeR)
Prag, A. John N. W. (Contributor, MitwirkendeR)
Document Type: Book
Language:German
Published: München : Hirmer , [2020]
Subjects:
Online Access:Inhaltsverzeichnis
Inhaltstext
Inhaltsverzeichnis
Inhaltsbeschreibung & Leseprobe
Related Items:Rezensiert in: Zwischen Küche und Kunst
Rezensiert in: [Rezension von: Bärbel Hedinger (Hrsg.), Mary Warburg. Porträt einer Künstlerin]
Rezensiert in: Zwischen Küche und Kunst
Author Notes:Bärbel Hedinger und Michael Diers mit Andrea Völker ; mit einem kommentierten Werkzeichnis sowie Aufsätzen von Jutta Braden, Michael Diers, Steffen Haug, Bärbel Hedinger, John Prag, Andrea Völker und Martin Warnke
LEADER 07685cam a2201177 c 4500
001 1699250693
003 DE-627
005 20260611221047.0
007 tu
008 200527s2020 gw ||||| 00| ||ger c
010 |a  2021375925 
015 |a 20,N22  |2 dnb 
015 |a 20,N22  |2 dnb 
016 7 |a 121050474X  |2 DE-101 
020 |a 9783777436142  |q : EUR 68.00 (DE), EUR 70.00 (AT), CHF 83.00 (freier Preis)  |9 978-3-7774-3614-2 
020 |a 3777436143  |9 3-7774-3614-3 
024 3 |a 9783777436142 
028 5 2 |a 3614 
035 |a (DE-627)1699250693 
035 |a (DE-603)468794212 
035 |a (DE-599)DNB121050474X 
035 |a (OCoLC)1196181824 
035 |a (OCoLC)1196181824 
040 |a DE-627  |b ger  |c DE-627  |e rda 
041 |a ger 
044 |c XA-DE-BY 
050 0 |a N6888.W357 
082 0 |a 759.3  |q DE-101 
082 0 4 |a 750  |a 730  |a 740  |q DE-101 
084 |a Ryk Warburg, M  |2 asb 
084 |a RYB 25 Warburg, Mary  |2 ssd 
084 |a Ku 840 Warburg, Mary  |2 sfb 
084 |a K 911 Warburg, M  |2 kab 
084 |a KUNST  |q DE-16  |2 fid 
084 |a LH 63635  |2 rvk  |0 (DE-625)rvk/94408: 
084 |a LI 99999  |q DE-24/20sred  |2 rvk  |0 (DE-625)rvk/97471: 
084 |a 20.31  |2 bkl 
084 |a 21.02  |2 bkl 
084 |a 21.52  |2 bkl 
245 0 0 |a Mary Warburg  |b Porträt einer Künstlerin : Leben, Werk  |c Bärbel Hedinger und Michael Diers mit Andrea Völker ; mit einem kommentierten Werkzeichnis sowie Aufsätzen von Jutta Braden, Michael Diers, Steffen Haug, Bärbel Hedinger, John Prag, Andrea Völker und Martin Warnke 
264 1 |a München  |b Hirmer  |c [2020] 
264 4 |c © 2020 
300 |a 535 Seiten  |b Illustrationen  |c 29 cm 
336 |a Text  |b txt  |2 rdacontent 
336 |a unbewegtes Bild  |b sti  |2 rdacontent 
337 |a ohne Hilfsmittel zu benutzen  |b n  |2 rdamedia 
338 |a Band  |b nc  |2 rdacarrier 
500 |a Literaturverzeichnis: Seite 527-530 
520 |a Die bislang wenig bekannte Künstlerin Mary Warburg, geb. Hertz (1866-1934), Ehefrau des Hamburger Kunst- und Kulturhistorikers Aby Warburg, steht im Mittelpunkt dieser ersten umfassenden wissenschaftlichen Monografie. In zahlreichen Aufsätzen, einem kommentierten Werkverzeichnis sowie biographischen Dokumenten werden Leben und Werk der bedeutenden Zeichnerin, Grafikerin und Bildhauerin einprägsam vor Augen geführt.Mary Warburg gehört zur Reihe jener weithin unsichtbaren, aber bedeutenden Künstlerinnen, die von der Kunstgeschichte zu Unrecht übergangen worden sind. Bereits zu Lebzeiten stand sie im Schatten ihres Ehemannes Aby Warburg, den sie in einer bekannten Bronzebüste prominent porträtiert hat. Ihr Nachlass befindet sich in der Hamburger Kunsthalle sowie in Privatbesitz. Jetzt wird sie erstmals ausführlich in Aufsätzen sowie durch ein kommentiertes Werkverzeichnis gewürdigt.00Exhibition: Käthe Kollwitz Museum, Köln, Germany (15.01.2021 - 14.03.2021) / Ernst Barlach Haus, Hamburg, Germany (13.06.2021 - 29.09.2021) 
583 1 |a Archivierung/Langzeitarchivierung gewährleistet  |f FID  |x XA-DE-BW  |2 pdager  |5 DE-16 
583 1 |a Archivierung/Langzeitarchivierung gewährleistet  |f REG  |x XA-DE-NI  |z Niedersachsen  |2 pdager  |5 DE-35 
600 1 0 |a Warburg, Mary  |d 1866-1934  |v Exhibitions  |2 DLC 
600 1 7 |0 (DE-588)117141674  |0 (DE-627)078591449  |0 (DE-576)257416099  |a Warburg, Mary  |d 1866-1934  |2 gnd 
600 1 7 |0 (DE-588)11862914X  |0 (DE-627)137813589  |0 (DE-576)209154268  |a Warburg, Aby  |d 1866-1929  |2 gnd 
650 0 |a Artists  |z Germany  |z Hamburg  |v Biography  |v Exhibitions  |2 DLC 
650 0 |a Artists' spouses  |z Germany  |z Hamburg  |v Biography  |v Exhibitions  |2 DLC 
650 0 7 |0 (DE-588)4037220-0  |0 (DE-627)10623871X  |0 (DE-576)209022892  |a Malerei  |2 gnd 
650 0 7 |0 (DE-588)4046277-8  |0 (DE-627)106198602  |0 (DE-576)209068817  |a Plastik  |2 gnd 
650 4 |a Biographies 
650 4 |a Exhibition catalogs 
655 7 |a Werkverzeichnis  |0 (DE-588)4189680-4  |0 (DE-627)104464909  |0 (DE-576)210061456  |2 gnd-content 
655 7 |a Biografie  |0 (DE-588)4006804-3  |0 (DE-627)104213493  |0 (DE-576)208867147  |2 gnd-content 
655 7 |a Bildband  |0 (DE-588)4145395-5  |0 (DE-627)104450835  |0 (DE-576)209741139  |2 gnd-content 
689 0 0 |d p  |0 (DE-588)117141674  |0 (DE-627)078591449  |0 (DE-576)257416099  |a Warburg, Mary  |d 1866-1934  |2 gnd 
689 0 1 |d s  |0 (DE-588)4037220-0  |0 (DE-627)10623871X  |0 (DE-576)209022892  |a Malerei  |2 gnd 
689 0 2 |d s  |0 (DE-588)4046277-8  |0 (DE-627)106198602  |0 (DE-576)209068817  |a Plastik  |2 gnd 
689 0 |5 DE-101 
689 1 0 |d p  |0 (DE-588)117141674  |0 (DE-627)078591449  |0 (DE-576)257416099  |a Warburg, Mary  |d 1866-1934  |2 gnd 
689 1 1 |d p  |0 (DE-588)11862914X  |0 (DE-627)137813589  |0 (DE-576)209154268  |a Warburg, Aby  |d 1866-1929  |2 gnd 
689 1 |5 DE-101 
700 1 |a Hedinger, Bärbel  |d 1940-  |e HerausgeberIn  |e VerfasserIn  |0 (DE-588)109048784  |0 (DE-627)523317271  |0 (DE-576)164249346  |4 edt  |4 aut 
700 1 |a Diers, Michael  |d 1950-  |e HerausgeberIn  |e VerfasserIn  |0 (DE-588)118830945  |0 (DE-627)079605516  |0 (DE-576)16478151X  |4 edt  |4 aut 
700 1 |a Warburg, Mary  |d 1866-1934  |e IllustratorIn  |0 (DE-588)117141674  |0 (DE-627)078591449  |0 (DE-576)257416099  |4 ill 
700 1 |a Braden, Jutta  |d 1950-  |e VerfasserIn  |0 (DE-588)123078172  |0 (DE-627)082333726  |0 (DE-576)293545537  |4 aut 
700 1 |a Haug, Steffen  |d 1972-  |e VerfasserIn  |0 (DE-588)1142802469  |0 (DE-627)1002283167  |0 (DE-576)494876433  |4 aut 
700 1 |a Völker, Andrea  |d 1987-  |e MitwirkendeR  |0 (DE-588)1156812771  |0 (DE-627)1019755679  |0 (DE-576)502456833  |4 ctb 
700 1 |a Warnke, Martin  |d 1937-2019  |e MitwirkendeR  |0 (DE-588)11586055X  |0 (DE-627)077518543  |0 (DE-576)16348094X  |4 ctb 
700 1 |8 1\p  |a Prag, A. John N. W.  |e MitwirkendeR  |0 (DE-588)1172390754  |0 (DE-627)1041182562  |0 (DE-576)514601175  |4 ctb 
710 2 |a Hirmer Verlag  |e Verlag  |0 (DE-588)1065427166  |0 (DE-627)816748985  |0 (DE-576)425152642  |4 pbl 
787 0 8 |i Rezensiert in  |a Zitzlsperger, Philipp, 1965 -   |t Zwischen Küche und Kunst  |d 2021  |w (DE-627)1761491040 
787 0 8 |i Rezensiert in  |a Hönes, Hans Christian, 1986 -   |t [Rezension von: Bärbel Hedinger (Hrsg.), Mary Warburg. Porträt einer Künstlerin]  |d 2021  |w (DE-627)1838115323 
787 0 8 |i Rezensiert in  |a Zitzlsperger, Philipp, 1965 -   |t Zwischen Küche und Kunst  |d 2021  |w (DE-627)1896091334 
856 4 2 |u https://www.gbv.de/dms/hbk-bs-toc/1699250693.pdf  |m V:DE-601  |m B:DE-834  |q pdf/application  |3 Inhaltsverzeichnis  |7 1 
856 4 2 |u http://deposit.dnb.de/cgi-bin/dokserv?id=2e055cfdfabb4876a98735097719e937&prov=M&dok_var=1&dok_ext=htm  |m X:MVB  |q text/html  |v 2020-05-27  |x Verlag  |3 Inhaltstext  |7 1 
856 4 2 |u https://d-nb.info/121050474X/04  |m B:DE-101  |q application/pdf  |3 Inhaltsverzeichnis  |7 1 
856 4 2 |u https://www.hirmerverlag.de/de/titel-1-1/mary_warburg-2087/  |q application  |y Inhaltsbeschreibung & Leseprobe  |7 1 
883 |8 1\p  |a cgwrk  |d 20241001  |q DE-101  |u https://d-nb.info/provenance/plan#cgwrk 
936 r v |a LH 63635  |b Warburg, Aby  |k Kunstgeschichte  |k Allgemeines. Allgemeine Kunstgeschichte  |k Geschichte der Kunstwissenschaft  |k Schriften über Kunsthistoriker  |k Einzeldarstellungen (Autobiografien,Biografien, Festansprachen, Leichenreden, Nachrufe u. dergl.)  |k Namen W  |k Warburg, Aby  |0 (DE-627)1271293307  |0 (DE-625)rvk/94408:  |0 (DE-576)201293307 
936 r v |a LI 99999  |b Sonstige  |k Kunstgeschichte  |k Künstler-Monografien  |k Sonstige  |0 (DE-627)1270635948  |0 (DE-625)rvk/97471:  |0 (DE-576)200635948 
936 b k |a 20.31  |j Bildende Künstler  |0 (DE-627)181571080 
936 b k |a 21.02  |j Geschichte der Malerei  |0 (DE-627)106406698 
936 b k |a 21.52  |j Geschichte der Bildhauerei  |0 (DE-627)106405829 
936 s n |a l300  |2 mzub 
951 |a BO 
990 |a Warburg, Mary 
990 |a Malerei 
990 |a Plastik 
990 |a Warburg, Mary 
990 |a Warburg, Aby 
991 |a Rezensiertes Werk 
999 |a KXP-PPN1699250693  |e 4284965239